Nghiên cứu thành phần hóa học và hoạt tính kháng vi sinh vật của nấm Isaria japonica và Phellinus pini ở Bắc Trung Bộ : Luận án Tiến sĩ - Chuyên ngành: Hóa hữu cơ

Сохранить в:
Библиографические подробности
Главный автор: Nguyễn, Ngọc Tuấn
Формат: Luận văn
Язык:Undetermined
Опубликовано: Trường Đại học Vinh 2017
Предметы:
Метки: Добавить метку
Нет меток, Требуется 1-ая метка записи!
Thư viện lưu trữ: Trung tâm Thư viện - Trường Đại học Công nghiệp TP. Hồ Chí Minh
LEADER 00707nam a2200157Ia 4500
001 UIH_01827
008 230809s9999 xx 000 0 und d
082 |a 660.2 
100 |a Nguyễn, Ngọc Tuấn 
245 0 |a Nghiên cứu thành phần hóa học và hoạt tính kháng vi sinh vật của nấm Isaria japonica và Phellinus pini ở Bắc Trung Bộ : Luận án Tiến sĩ - Chuyên ngành: Hóa hữu cơ 
245 0 |c Nguyễn, Ngọc Tuấn 
260 |b Trường Đại học Vinh 
260 |c 2017 
650 |a Hóa hữu cơ 
927 |a Luận văn 
980 |a Trung tâm Thư viện - Trường Đại học Công nghiệp TP. Hồ Chí Minh